000 00578nam a22001697a 4500
003 OSt
005 20260409143514.0
008 260409b |||||||| |||| 00| 0 eng d
040 _cMRSPTU
041 _aEnglish
100 _aKale Dattatray Tanaji, Supervisor: B. S. Toor,
245 _aComparative Nutritional and Functional Evaluation of Different Varieties of Rice
260 _bDepartment of Food Science & Technology, MRSPTU, Bathinda
_c2025
650 _aFood Science & Technology
856 _uhttp://163.47.215.52:8080/jspui/handle/123456789/888
942 _2ddc
_cTH
_n0
999 _c11439
_d11439